Outcome of patients with aortic stenosis after catheter balloon valvuloplasty

Podrobná bibliografia
Hlavní autori: Kaldarárová, Monika, 1968- (Autor), Čulen, M. (Autor), Mašura, Jozef (Autor)
Korporatívny autor: Alpe-Adria cardiology meeting (Autor)
Médium: Konferenčný príspevok Článok
Jazyk:angličtina
ISSN:0010-8650
Predmet:

MARC

LEADER 00000nab a2200000 a 4500
001 vtls000772362
003 SK-MaSNL
005 20260304214816.0
008 160405c1999 xo 0 eng
015 |a SNBRB2001/11-32029 
035 |a CLN000124149 
040 |a SNKBUCL  |b slo  |c SNKBUCL  |e AACR2 
041 0 |a eng 
044 |a xo  |c SK 
080 |a 616.126-053.2-089.819.5  |2 1997 
100 1 |a Kaldarárová, Monika,  |d 1968-  |4 aut  |9 209927 
245 1 0 |a Outcome of patients with aortic stenosis after catheter balloon valvuloplasty  |c M. Kaldarárová, M. Čulen, J. Mašura 
650 0 7 |a srdce  |2 SNKPH  |9 13574 
650 0 7 |a štatistika a číselné údaje  |2 SNK  |9 839240 
650 0 7 |a kongresy  |2 SNKPH  |9 19200 
650 0 7 |a aortálna chlopňa  |2 SNKPH  |9 132460 
650 0 7 |a deti  |2 SNKPH  |9 773 
650 0 7 |a choroby srdca  |2 SNKPH  |9 1246 
650 0 7 |a terapia  |2 SNKPH  |9 781 
650 0 7 |a chirurgia  |2 SNKPH  |9 2178 
650 0 7 |a aortálna stenóza  |2 SNK  |9 208469 
650 0 7 |a balóniková dilatácia  |2 SNK  |9 1439432 
650 0 7 |a dojčatá  |2 SNKPH  |9 31365 
655 7 |a články z novín a časopisov  |2 SNK  |9 267496 
700 1 |a Čulen, M.  |4 aut  |9 916553 
700 1 |a Mašura, Jozef  |4 aut  |9 6418 
711 1 |a Alpe-Adria cardiology meeting  |n (7. :  |d 1999 :  |c Brno, Česko)  |4 aut  |9 21725 
773 0 |x 0010-8650  |t Cor et vasa  |g Roč. 41, č. 5 (1999), s. K149 
850 |a Slovenská národná knižnica v Martine 
852 |a SNK  |b KIS3GCP 
958 |a MI 
958 |a RBX 
999 |c 3143368  |d 3145298